| 000 | 00464nam a2200157 i 4500 | ||
|---|---|---|---|
| 001 | bg | ||
| 245 | 0 |
_aGwałt i perswazja : _bantologia publicystyki z lat 1981-1983 / _cwybór i słowo wstępne Jerzy Adamski. |
|
| 260 |
_aWarszawa, _c1983 _aPańst. Instytut Wydawniczy. |
||
| 300 |
_a319 s. ; _c20 cm. |
||
| 700 | 1 |
_aAdamski, Jerzy. _eOprac. |
|
| 040 | _cBPK | ||
| 041 | _apol | ||
| 080 | _a323(438)"19" | ||
| 942 | _cKS | ||
| 008 | s pl f |000 0 pol | ||
| 999 |
_c1936 _d1936 |
||
| 856 |
_uhttp://koha.tu.koszalin.pl/cgi-bin/koha/opac-detail.pl?biblionumber=1936 _yKatalog online BPK |
||